MARC details
| 000 -LEADER |
| fixed length control field |
00918nam a22002537a 4500 |
| 003 - CONTROL NUMBER IDENTIFIER |
| control field |
OSt |
| 005 - DATE AND TIME OF LATEST TRANSACTION |
| control field |
20250211072438.0 |
| 008 - FIXED-LENGTH DATA ELEMENTS--GENERAL INFORMATION |
| fixed length control field |
250120t2012 |||||||| w||| 00| | eng d |
| 020 ## - INTERNATIONAL STANDARD BOOK NUMBER |
| International Standard Book Number |
978-971-011-439-9 |
| 040 ## - CATALOGING SOURCE |
| Transcribing agency |
JMCFI - Learning Resource Center |
| 050 ## - LIBRARY OF CONGRESS CALL NUMBER |
| Classification number |
KPM 18 .A2 .S87 2012 Vol.660 |
| 082 ## - DEWEY DECIMAL CLASSIFICATION NUMBER |
| Classification number |
Fil./JDLL 349.914 Su959 2012 V660 |
| 245 ## - TITLE STATEMENT |
| Title |
Supreme Court reports annotated / |
| Statement of responsibility, etc. |
compiled, annotated and edited by the Editorial Staff of the Central Book Supply, Inc. |
| 260 ## - PUBLICATION, DISTRIBUTION, ETC. |
| Place of publication, distribution, etc. |
Manila : |
| Name of publisher, distributor, etc. |
Central Book Supply, Inc., |
| Date of publication, distribution, etc. |
2012. |
| 300 ## - PHYSICAL DESCRIPTION |
| Extent |
volume 660, xiii, 734 pages ; |
| Dimensions |
23 cm |
| 650 ## - SUBJECT ADDED ENTRY--TOPICAL TERM |
| Topical term or geographic name entry element |
Law reports, digests, etc. |
| 9 (RLIN) |
9041 |
| 650 ## - SUBJECT ADDED ENTRY--TOPICAL TERM |
| Topical term or geographic name entry element |
Philippines. Supreme Court reports. |
| 9 (RLIN) |
8708 |
| 650 ## - SUBJECT ADDED ENTRY--TOPICAL TERM |
| Topical term or geographic name entry element |
SCRA. |
| 9 (RLIN) |
8835 |
| 650 ## - SUBJECT ADDED ENTRY--TOPICAL TERM |
| Topical term or geographic name entry element |
Jurisprudence. |
| 9 (RLIN) |
7993 |
| 650 ## - SUBJECT ADDED ENTRY--TOPICAL TERM |
| Topical term or geographic name entry element |
Lawyers |
| General subdivision |
Legal status, laws, etc. |
| 9 (RLIN) |
10938 |
| 650 ## - SUBJECT ADDED ENTRY--TOPICAL TERM |
| Topical term or geographic name entry element |
Disbarment. |
| 9 (RLIN) |
7317 |
| 710 ## - ADDED ENTRY--CORPORATE NAME |
| Corporate name or jurisdiction name as entry element |
Central Book Supply, Inc. |
| 9 (RLIN) |
9361 |
| 942 ## - ADDED ENTRY ELEMENTS (KOHA) |
| Source of classification or shelving scheme |
Library of Congress Classification |
| Koha item type |
Books |
| Suppress in OPAC |
No |